Normal view
MARC view
- التحليل المالي -الرقابة
Entry Topical Term
001 - CONTROL NUMBER
- control field: 63966
003 - CONTROL NUMBER IDENTIFIER
- control field: JO-AjAnu
005 - DATE AND TIME OF LATEST TRANSACTION
- control field: 20230606084434.0
008 - FIXED-LENGTH DATA ELEMENTS
- fixed length control field: 230606|| aca||aabn | a|a d
040 ## - CATALOGING SOURCE
- Original cataloging agency: JO-AjAnu
- Transcribing agency: JO-AjAnu
150 ## - HEADING--TOPICAL TERM
- Topical term or geographic name entry element: التحليل المالي -الرقابة
670 ## - SOURCE DATA FOUND
- Source citation: Work cat.: (JO-AjAnu)32609: عبدالله،علي خلف ؛مؤلف مشارك وليد ناجي الحيالي , author 63965, التحليل المالي للرقابة على الأداء والكشف عن الإنحرافات